000 00789nam a2200265Ia 4500
003 OSt
005 20220926025601.0
006 a|||||r|||| 00| 0
007 ta
008 220923b |||||||| |||| 00| 0 eng d
020 _c
_1450
037 _b34110, 27/11/1987, IBD
_cGeneral Book
040 _aRTL
_cRTL
_beng
041 _2eng
_aeng
082 _aY33:4582.3.N8, M7
100 _aBenyon John
_9332636
245 0 _aRoots of Urban unrest
260 _aOxford
_bPergamon Press
_c1987
300 _axviii,207p
_ccm.
500 _aBibliography: P 197-200
650 _aUrban Sociology
_934088
700 _a Solomos John
_9138806
942 _hY33:4582.3.N8, M7
_cGB
_2CC
999 _c647474
_d647474